书目信息 |
| 题名: |
比较诗学
|
|
| 作者: | 迈纳 著 ;王宇根 , 宋伟杰 译 | |
| 分册: | ||
| 出版信息: | 北京 中央编译出版社 2004 |
|
| 页数: | 372页 | |
| 开本: | 20cm | |
| 丛书名: | 新世纪学术译丛 | |
| 单 册: | ||
| 中图分类: | I052 | |
| 科图分类: | ||
| 主题词: | 诗歌--比较文学 | |
| 电子资源: | ||
| ISBN: | 7-80109-205-8 | |
| 000 | 00878oam2 2200277 45 | |
| 001 | 002518861 | |
| 005 | 20050430102621.3 | |
| 010 | @a7-80109-205-8@dCNY20.50 | |
| 100 | @a20031202d2004 em y0chiy0110 ea | |
| 101 | 1 | @achi@ceng |
| 102 | @aCN@b110000 | |
| 105 | @ay z 000yy | |
| 200 | 1 | @a比较诗学@Abi jiao shi xue@f(美)厄尔·迈纳著@F(Mei)E Er·Mai Na Zhu@g王宇根,宋伟杰等译 |
| 205 | @a2版 | |
| 210 | @a北京@c中央编译出版社@d2004 | |
| 215 | @a372页@d20cm | |
| 225 | 2 | @a新世纪学术译丛 |
| 330 | @a本书通过对大量跨文化例证的解读,对戏剧、抒情、叙事三大文类的来源以及它们在各个诗学体系的不同表现进行剖析。 | |
| 410 | @12001 @a新世纪学术译丛 | |
| 606 | 0 | @a诗歌@x比较文学 |
| 690 | @aI052@v4 | |
| 701 | 0 | @a迈纳@4著 |
| 702 | 0 | @a王宇根@Awang yu gen@4译 |
| 702 | 0 | @a宋伟杰@Asong wei jie@4译 |
| 801 | 0 | @aCN@bNLC@c20040302 |
| 905 | @f6@b352421-426@dI052@e110=2 | |
| 比较诗学/(美)厄尔·迈纳著/王宇根,宋伟杰等译.-2版.-北京:中央编译出版社,2004 |
| 372页;20cm.-(新世纪学术译丛) |
| ISBN 7-80109-205-8:CNY20.50 |
| 本书通过对大量跨文化例证的解读,对戏剧、抒情、叙事三大文类的来源以及它们在各个诗学体系的不同表现进行剖析。 |
| ● |
| 相关链接 |
|
|
|
|
正题名:比较诗学
索取号:I052/110=2
 
预约/预借
| 序号 | 登录号 | 条形码 | 馆藏地/架位号 | 状态 | 备注 |
| 1 | 0352421 | 3524216 | 第一样本阅览室/ [索取号:I052/110=2] | 在馆 | |
| 2 | 0352422 | 3524225 | 第二借阅区/ [索取号:I052/110=2] | 在馆 | |
| 3 | 0352423 | 3524234 | 第二借阅区/ [索取号:I052/110=2] | 在馆 | |
| 4 | 0352424 | 3524243 | 第二借阅区/ [索取号:I052/110=2] | 在馆 | |
| 5 | 0352425 | 3524252 | 第二借阅区/ [索取号:I052/110=2] | 在馆 | |
| 6 | 0352426 | 3524261 | 第二借阅区/ [索取号:I052/110=2] | 在馆 |